| 000 | 01064cam a2200241 4500 | ||
|---|---|---|---|
| 008 | 000000n2000 000 0 eng u | ||
| 035 | _a(Sirsi) u107355 | ||
| 245 | _aNon-domestic rates | ||
| 260 | _c2000 | ||
| 490 |
_aEstates Gazette Case Summaries _v [2000] EGCS 90(1) (22/07/00) |
||
| 520 | _a'Southwark LBC v Bellway Homes Ltd and another,' QBD 10 July 2000, which considered whether the justices had been misdirected in their interpretation of Regulations 2(2)(f) and 2(5)(b)(ii) of the Non Domestic Rating and Valuation Regulation (Unoccupied Property) Regulations 1989. Appeal dismissed. | ||
| 590 | _aWB | ||
| 650 | _aSOUTHWARK LBC V BELLWAY HOMES LTD AND ANOTHER | ||
| 650 | _aNON-DOMESTIC PROPERTY | ||
| 650 | _aNON-DOMESTIC RATES | ||
| 650 | _aRATING APPEALS | ||
| 650 | _aUNOCCUPIED PROPERTY | ||
| 650 | _aUNOCCUPIED RATES | ||
| 650 | _aNON-DOMESTIC RATING AND VALUATION REGULATION (UNOCCUPIED PROPERTY) REGULATIONS 1989 | ||
| 650 | _aQUALIFYING INDUSTRIAL HEREDITAMENT | ||
| 690 | _aRATING AND LOCAL TAXATION-CASE LAW | ||
| 942 | _n0 | ||
| 999 |
_c64189 _d64189 |
||